Score 0/30 Timer 05:00
1 Play Today
Question Answer % Correct
In Greek mythology, who was the ruler of the gods?Zeus
95.9%
What name is given to the scientific study of animals?Zoology
95%
What term for an undead creature originally comes from Haitian creole?Zombie
87.6%
Which princess does Link attempt to rescue in a series of video games?Zelda
84.6%
Ben Stiller plays a dim-witted fashion model in what 2001 film?Zoolander
83.2%
Southern Rhodesia was the former name of what country?Zimbabwe
82%
What is grated off of the peel of a citrus fruit to add flavor to food?Zest
80.4%
What is the largest city in Switzerland?Zürich
78.8%
What is the sixth letter of the Greek alphabet?Zeta
73.8%
The headquarters of what lighter company is based in Bradford, Pennsylvania?Zippo
72.8%
What large rigid airship is named after its German inventor?Zeppelin
71.1%
Colombian dancer 'Beto' Perez created what fitness program during the 1990s?Zumba
68.1%
Chief Buthelezi was a leader of what group of South African people?Zulu
67.6%
What is the trademark name for the machine that smooths the ice in a skating rink?Zamboni
63.3%
What does the letter 'Z' stand for in ZIP code?Zone
60.8%
Question Answer % Correct
Billy Gibbons is the lead singer and guitarist with which U.S. blues rock band?ZZ Top
58.4%
What 2012 Kathryn Bigelow film was about the decade long hunt for Osama Bin Laden?Zero Dark Thirty
56.9%
What is the surname of Danny in the musical 'Grease'?Zuko
55.3%
What is the capital of Croatia?Zagreb
54%
Which French soccer player's last game was the 2006 World Cup final, in which he was sent off for headbutting an opponent?Zidane (Zinedine)
52%
What first name is shared by James Ransone's character in 'The Wire' and Bob Marley's oldest son?Ziggy
49.6%
What German word has come to mean 'the defining spirit or mood of a particular time in history'?Zeitgeist
44.4%
What word for a light wind gets its name from the Greek god of the west wind?Zephyr
44.4%
What fictional character, created by Johnston McCulley, takes his name for the Spanish word for 'fox'?Zorro
43.9%
Which actress won the Best Supporting Actress Oscar for her role in the film 'Cold Mountain'?Zellweger (Renée)
42.1%
Literally meaning 'golden', what is the currency of Poland?Złoty
31.3%
Alphabetically, what is the last chemical element?Zirconium
28.3%
Which 1970s PBS children's series was revived in the late '90s and produced by WGBH-TV in Boston?Zoom
24.7%
What 'sport' involves rolling downhill in a large transparent sphere?Zorbing
22.8%
What is a word of Yiddish origin that means 'pleasantly plump'?Zaftig
14.1%
Remove Ads.
Support Sporcle.
Get the best of Sporcle when you Go Orange. This ad-free experience offers more features, more stats, and more fun while also helping to support Sporcle. Thank you for becoming a member.

You're not logged in!

Compare scores with friends on all Sporcle quizzes.
OR
Log In

Sporcle TV

Today on Sporcle TV


Watch our educational content, quiz creation guides, and fun videos on Sporcle TV.

Show Comments

Extras

Top Quizzes Today


Score Distribution

Paid Content

Your Account Isn't Verified!

In order to create a playlist on Sporcle, you need to verify the email address you used during registration. Go to your Sporcle Settings to finish the process.

Report this User

Report this user for behavior that violates our Community Guidelines.

Details: